Con le ali sbagliate /

Guardat en:
Dades bibliogràfiques
Autor principal: Clima, Gabriele (Autor)
Format: Llibre
Idioma:italià
Publicat: Crema : Uovonero, 2020
Col·lecció:I geodi ; 36
Etiquetes: Afegir etiqueta
Sense etiquetes, Sigues el primer a etiquetar aquest registre!

MARC

LEADER 00000nam a22000007i 4500
001 IT\ICCU\UBO\4489176
003 ItRI
005 20260115232203.0
008 201112s2020 it |||||| |||||1|||||c
020 |a 9788896918975 
040 |b ita  |c importazione bologna sebina 
041 7 |a ita  |2 ISO-639-2 
082 |a 853.92  |9 NARRATIVA ITALIANA, 2000-  |2 21 
100 1 |a Clima, Gabriele  |0 IT\ICCU\PUVV\428899  |4 aut 
240 1 0 |a Con le ali sbagliate  |3 IT\ICCU\LO1\1802986  |9 Clima, Gabriele 
245 1 0 |a Con le ali sbagliate /  |c Gabriele Clima ; prefazione di Matteo Pucciarelli. 
260 |a Crema :  |b Uovonero,  |c 2020 
300 |a 172 p. ;  |c 21 cm 
830 2 |a I geodi ;  |v 36  |0 IT\ICCU\UFE\0957432 
942 |2 ddc  |c BK  |n 0 
952 |0 0  |1 0  |4 0  |6 R_853_920000000000000_CLI  |7 0  |9 21614  |a BO  |b BO  |d 2026-01-15  |i 19325  |l 0  |o R 853.92 CLI  |p BO19325  |r 2026-01-15 23:22:03  |w 2026-01-15  |x [Sebina 5] [1 v.]  |y BK  |z 1 v. 
999 |c 18459  |d 18459